000 00501nam a22001937a 4500
005 20250320160040.0
008 250320b |||||||| |||| 00| 0 eng d
020 _a9789353945350
_c1050.00
040 _aMAIN
041 _aEnglish
082 _a660.6
_bTHI
100 _aThieman, William J.
_925414
245 _aIntroduction to Biotechnology
260 _aNoida
_bPearson
_c2024
300 _a385
650 _aBiological Science
_914046
700 _aPalladino, Michael A.
_915306
942 _cBK
999 _c59513
_d59513